Quantum mechanics
Guardat en:
| Autor principal: | |
|---|---|
| Format: | Llibre |
| Idioma: | anglès |
| Publicat: |
Londres
IOP
2002
|
| Edició: | 4a. ed |
| Matèries: | |
| Etiquetes: |
Afegir etiqueta
Sense etiquetes, Sigues el primer a etiquetar aquest registre!
|
MARC
| LEADER | 00000nam a2200000 a 4500 | ||
|---|---|---|---|
| 001 | UCL7834 | ||
| 003 | CL-VaPUC | ||
| 008 | 040604e20020000UK |||||||||||||||||eng|d | ||
| 020 | |a 0750308397 | ||
| 082 | 0 | 4 | |a 530.12 |b RAE |2 21 |
| 100 | 0 | |a Rae, Alastair I. M |e author |9 485742 | |
| 245 | 1 | 0 | |a Quantum mechanics |
| 250 | |a 4a. ed | ||
| 300 | |a 301 p | ||
| 942 | |c BK | ||
| 945 | |d 20040604 00:00:00 |a cmena | ||
| 260 | |a Londres |b IOP |c 2002 | ||
| 650 | 0 | |a Mecánica cuántica |9 306806 | |
| 650 | 0 | |a Teoría cuántica |9 266148 | |
| 583 | |a last modification |c 20040604 00:00:00 |k Rodrigo Vera | ||
| 999 | |c 309393 |d 309391 | ||
| 952 | |0 0 |1 0 |4 0 |6 530_120000000000000_RAE_2002 |7 0 |8 A |9 376829 |a BIBCUR |b BIBCUR |d 2019-11-21 |i 4022106 |o 530.12 RAE 2002 |p 4022106 |r 2025-04-22 |w 2019-11-21 |y BK |k FIS | ||